Zahraničné periodiká v ČSSR ...

Bibliographic Details
Format: Journal
Language:Slovak
PhysicalDescription:zv.
Published: Bratislava Univerzitná knižnica [1970-1975]
Series:Bibliografie
Subjects:

MARC

LEADER 00000cas a2200000 a 4500
001 vtls001109083
003 SK-MaSNL
005 20260311075448.0
008 180815d19701975xo ar p b 0 0g0slo
035 |a SNK000051925 
040 |a SNK  |b slo  |c SNK  |e AACR2 
041 0 |a slo 
043 |a e-cs--- 
044 |a xo  |c SK 
072 7 |a 01  |x Bibliografia. Katalógy  |2 konspekt 
080 |a 05  |2 2011 
080 |a 07  |2 2011 
080 |a 012  |2 2011 
080 |a 050  |2 2011 
080 |a (01)  |2 2011 
080 |a (100)  |2 2011 
080 |a (437)  |2 2011 
245 0 0 |a Zahraničné periodiká v ČSSR ... 
260 |a Bratislava  |b Univerzitná knižnica  |c [1970-1975] 
300 |a zv. 
490 0 |a Bibliografie 
500 |a Súčasťou názvu je označenie roka 
650 0 7 |a zahraničné periodiká  |2 SNKPH  |9 69710 
651 7 |a Československo  |2 SNKPHgeo  |9 21376 
655 7 |a bibliografie  |2 SNKPH  |9 28668 
830 |a Bibliografie  |9 267069 
910 |a snk 
999 |c 3208  |d 5138 
952 |a SNK  |b SNK  |y PREZ  |7 0  |p 17A0346305  |o snkČSC 1831/1970-1972/2 D1  |0 0  |1 0  |4 0  |d 2002-06-18  |l 0  |r 2005-01-02 00:00:00  |w 2026-02-21 
952 |a SNK  |b SNK  |y PREZ  |7 0  |p 17A0346236  |o snkČSC 1831/1970-1972/3 D1  |0 0  |1 0  |4 0  |d 2002-06-18  |l 0  |r 2004-12-31 00:00:00  |w 2026-02-21 
952 |a SNK  |b SNK  |y PREZ  |7 0  |p 17A0346246  |o snkČSC 1831/1973-1975/3 D1  |0 0  |1 0  |4 0  |d 2002-06-18  |l 0  |r 2004-12-31 00:00:00  |w 2026-02-21 
952 |a SNK  |b SNK  |y PREZ  |7 0  |p 17A0585300  |o snkČSC 1831/1970-1972/1  |i snkKSP 3957/80  |0 0  |1 0  |4 0  |d 2008-04-21  |l 0  |r 2026-02-21 21:12:07  |w 2026-02-21 
952 |a SNK  |b SNK  |y PREZ  |7 0  |p 17A0344783  |o snkČSC 1831/1973-1975/2 D1  |0 0  |1 0  |4 0  |d 2002-06-18  |l 0  |r 2005-01-02 00:00:00  |w 2026-02-21 
952 |a SNK  |b SNK  |y PREZ  |7 0  |p 17A0346138  |o snkČSC 1831/1970-1972/1 D1  |0 0  |1 0  |4 0  |d 2002-06-18  |l 0  |r 2005-01-02 00:00:00  |w 2026-02-21